000 002930000a22001450004500
003 MACL
040 _aMACL
090 _c46848
_d46846
100 _aJulie Ferris
245 _aAsk Me Anything
260 _aLondon
_bD K
_c2011
350 _a1199
650 _aEncyclopedia
942 _cBOOK
_k030
999 _c46357
_d46357